|
|
|
|
| LEADER |
02603nam a2200625 a 4500 |
| 001 |
nkc20112268120 |
| 003 |
CZ PrNK |
| 005 |
20120626100229.0 |
| 007 |
ta |
| 008 |
111230s2011 xr a f 001 0 cze |
| 015 |
|
|
|a cnb002268120
|
| 020 |
|
|
|a 978-80-7419-067-4
|q (Sociologické nakladatelství - SLON ;
|q brož.)
|
| 020 |
|
|
|a 978-80-7330-202-3
|q (Sociologický ústav AV ČR ;
|q brož.)
|
| 035 |
|
|
|a (OCoLC)796016477
|
| 040 |
|
|
|a ABA001
|b cze
|
| 041 |
0 |
|
|a cze
|b eng
|
| 043 |
|
|
|a e-xr---
|
| 072 |
|
7 |
|a 352/354
|x Stupně místní, oblastní a ústřední správy
|2 Konspekt
|9 15
|
| 080 |
|
|
|a 352
|2 MRF
|
| 080 |
|
|
|a 352.072.3
|2 MRF
|
| 080 |
|
|
|a 321.015
|2 MRF
|
| 080 |
|
|
|a 323.212:172.1
|2 MRF
|
| 080 |
|
|
|a 334.752:334.012.32/.33
|2 MRF
|
| 080 |
|
|
|a (437.3)
|2 MRF
|
| 080 |
|
|
|a (048.8:082)
|2 MRF
|
| 100 |
1 |
|
|a Čermák, Daniel,
|d 1975-
|7 mzk2002160837
|4 aut
|
| 245 |
1 |
0 |
|a Spolupráce, partnerství a participace v místní veřejné správě :
|b význam, praxe, příslib /
|c Daniel Čermák ... [et al.]
|
| 250 |
|
|
|a Vyd. 1.
|
| 260 |
|
|
|a Praha :
|b Sociologické nakladatelství (SLON) :
|b Sociologický ústav AV ČR,
|c 2011
|
| 300 |
|
|
|a 181 s. :
|b il. ;
|c 23 cm
|
| 490 |
1 |
|
|a Studie ;
|v sv. 74
|
| 504 |
|
|
|a Obsahuje bibliografii, bibliografické odkazy a rejstřík
|
| 546 |
|
|
|a Anglické resumé
|
| 650 |
0 |
7 |
|a místní správa
|7 ph115408
|z Česko
|2 czenas
|
| 650 |
0 |
7 |
|a spolupráce obcí
|7 ph323780
|z Česko
|2 czenas
|
| 650 |
0 |
7 |
|a princip partnerství
|7 ph370259
|z Česko
|2 czenas
|
| 650 |
0 |
7 |
|a občanská angažovanost
|7 ph135605
|z Česko
|2 czenas
|
| 650 |
0 |
7 |
|a veřejně-soukromá partnerství
|7 ph367700
|z Česko
|2 czenas
|
| 650 |
0 |
9 |
|a local government
|z Czechia
|2 eczenas
|
| 650 |
0 |
9 |
|a cooperation of municipalities
|z Czechia
|2 eczenas
|
| 650 |
0 |
9 |
|a partnership principle
|z Czechia
|2 eczenas
|
| 650 |
0 |
9 |
|a community involvement
|z Czechia
|2 eczenas
|
| 650 |
0 |
9 |
|a public-private partnerships
|z Czechia
|2 eczenas
|
| 655 |
|
7 |
|a kolektivní monografie
|7 fd501537
|2 czenas
|
| 655 |
|
9 |
|a collective monographs
|2 eczenas
|
| 700 |
1 |
|
|a Vobecká, Jana,
|d 1980-
|7 mzk2006323084
|4 aut
|
| 830 |
|
0 |
|a Studie (Sociologické nakladatelství)
|0 s
|
| 910 |
2 |
|
|a BOA001
|b 2-1280.827
|
| 928 |
9 |
|
|a Slon
|
| 990 |
|
|
|a BK
|
| 995 |
|
|
|a 01
|
| 991 |
|
|
|b 201206
|c NOV
|e n
|
| 996 |
6 |
|
|b 2610512133
|c 2-1280.827
|l MZK
|r Sklad / do 1 hodiny
|n 23
|p p.v.
|w 001252703
|u 000010
|a 1
|e BOA001
|j MZK50
|s P
|
| 996 |
7 |
|
|b 2610514014
|c 2-1280.827
|l Vol.výběr
|r VV 0p
|n 1
|p kup
|h 35 ČER
|w 001252703
|u 000020
|a 0
|e BOA001
|j MZK50
|s A
|
| 996 |
7 |
|
|b 2610514015
|c 2-1280.827
|l Vol.výběr
|r VV 0p
|n 32
|p kup
|h 35 ČER
|w 001252703
|u 000030
|a 0
|e BOA001
|j MZK50
|s A
|